00568nam a2200193 a 4500001001300000003000900013005001700022008004100039020002300080082002100103100002800124245006000152260003600212300000900248500003500257505002400292650003000316700002800346nice12345678IN_TiNIC20260116014704.0100308s2009 newa grp 000 0 eng  a9788186921500c58000a306.0899145bNET aNetragaonkar, N Umakant aSocio-Legal Philosophy of Bharat Ratna Dr.B.R. Ambedkar aNew Delhi bDecent Books c2009 a237p aincludes index and biblioraphy2 aBibliography, Index aAmbedkar, B.R.-Philosophy1 aNetragaonkar, N Umakant